000
00338nam a22001457a 4500
008
210311b ||||| |||| 00| 0 eng d
020
_a
9781606239094
041
_a
eng
080
_2
3rd
_a
159.9
082
_a
159.9
100
_a
48
101
_a
PSI
245
_a
Child Development A Practitioner's Guide
_c
Davies,D
942
_2
udc
_c
BK
999
_c
56331
_d
56331